000 00502nam a22001697a 4500
003 BD-ChCU
005 20260506124426.0
008 260506b bg ||||| |||| 00| 0 ben d
040 _cBD-ChCU
082 _a170.202 TOT
100 _aToynbee , Arnold J.
_922515
245 _aThe Toynbee - Ikeda dialogue :
_bman himself must choose ./
_cArnold J . Toynbee .
260 _aTokyo :
_bKodansha International ,
_cC 1976
300 _a348p.
650 0 _aEthics . Sociology .
_922517
942 _2ddc
_cBK
_n0
999 _c112736
_d112736